Statistics for Train Stations on the Belgrave Line

Click here to take the quiz!

General Stats

  • This quiz has been taken 11 times
  • The average score is 27 of 32

Answer Stats

Closest to Flinders St.Station% Correct
3Flagstaff
100%
1Flinders Street
100%
5Parliament
100%
6Richmond
100%
2Southern Cross
100%
11Auburn
88%
32Belgrave
88%
18Box Hill
88%
8Burnley
88%
12Camberwell
88%
15Chatham
88%
13East Camberwell
88%
7East Richmond
88%
10Glenferrie
88%
9Hawthorn
88%
19Laburnum
88%
4Melbourne Central
88%
22Mitcham
88%
17Mont Albert
88%
24Ringwood
88%
16Surrey Hills
88%
20Blackburn
75%
27Boronia
75%
14Canterbury
75%
28Ferntree Gully
75%
23Heatherdale
75%
21Nunawading
75%
29Upper Ferntree Gully
75%
30Upwey
75%
26Bayswater
63%
25Heathmont
50%
31Tecoma
50%

Score Distribution

Percentile by Number Answered

Percent of People with Each Score

Your Score History

You have not taken this quiz